Water treatment and sanitation (Record no. 78413)
[ view plain ]
| 000 -LEADER | |
|---|---|
| fixed length control field | 01281nam a2200193 a 4500 |
| 008 - FIXED-LENGTH DATA ELEMENTS--GENERAL INFORMATION | |
| fixed length control field | 120416s1982 xx |||||||||||||| || u |
| 050 ## - LIBRARY OF CONGRESS CALL NUMBER | |
| Classification number | TD 430 Man |
| 100 ## - MAIN ENTRY--PERSONAL NAME | |
| Personal name | Mann, Henry Thomas |
| 245 10 - TITLE STATEMENT | |
| Title | Water treatment and sanitation |
| 246 ## - | |
| -- | a handbook of simple methods for rural areas in developing countries |
| 260 ## - PUBLICATION, DISTRIBUTION, ETC. (IMPRINT) | |
| Date of publication, distribution, etc | 1982 |
| 350 ## - | |
| -- | 0.00 |
| 995 ## - RECOMMENDATION 995 [LOCAL, UNIMARC FRANCE] | |
| -- | 0.00 |
| -- | CBU-SCHOOL TEXTBOOK COLLECTIONS |
| -- | 1 |
| -- | 0.00 |
| -- | 2 |
| -- | AVAILABLE |
| -- | Sep 4, 2009 |
| -- | School Collections |
| 995 ## - RECOMMENDATION 995 [LOCAL, UNIMARC FRANCE] | |
| -- | 0.00 |
| -- | CBU-MAIN LIBRARY (Kitwe) |
| -- | 1 |
| -- | 4.95 |
| -- | 1 |
| -- | DAMAGED |
| -- | Main Library Open Access Collection |
| 995 ## - RECOMMENDATION 995 [LOCAL, UNIMARC FRANCE] | |
| -- | 0.00 |
| -- | CBU-SCHOOL TEXTBOOK COLLECTIONS |
| -- | 1 |
| -- | 0.00 |
| -- | 5 |
| -- | AVAILABLE |
| -- | Sep 4, 2009 |
| -- | School Collections |
| 995 ## - RECOMMENDATION 995 [LOCAL, UNIMARC FRANCE] | |
| -- | 0.00 |
| -- | CBU-SCHOOL TEXTBOOK COLLECTIONS |
| -- | 1 |
| -- | 0.00 |
| -- | 4 |
| -- | AVAILABLE |
| -- | Sep 4, 2009 |
| -- | School Collections |
| 995 ## - RECOMMENDATION 995 [LOCAL, UNIMARC FRANCE] | |
| -- | 0.00 |
| -- | CBU-SCHOOL TEXTBOOK COLLECTIONS |
| -- | 1 |
| -- | 0.00 |
| -- | 6 |
| -- | AVAILABLE |
| -- | Sep 4, 2009 |
| -- | School Collections |
| 995 ## - RECOMMENDATION 995 [LOCAL, UNIMARC FRANCE] | |
| -- | 0.00 |
| -- | CBU-SCHOOL TEXTBOOK COLLECTIONS |
| -- | 1 |
| -- | 0.00 |
| -- | 3 |
| -- | AVAILABLE |
| -- | Sep 4, 2009 |
| -- | School Collections |
| Withdrawn status | Lost status | Source of classification or shelving scheme | Damaged status | Not for loan | Permanent Location | Current Location | Shelving location | Date acquired | Total Checkouts | Full call number | Barcode | Date last seen | Copy number | Price effective from | Koha item type |
|---|---|---|---|---|---|---|---|---|---|---|---|---|---|---|---|
| CBU-MAIN LIBRARY, KITWE. | CBU-MAIN LIBRARY, KITWE. | 05/16/2023 | TD 430 Man | 015701 | 05/16/2023 | 2 | 05/16/2023 | MONOGRAPH | |||||||
| CBU-SCHOOL TEXT BOOK COLLECTION | CBU-SCHOOL TEXT BOOK COLLECTION | 05/16/2023 | SCHOOL TEXTBOOK | 5280 | 05/16/2023 | 1 | 05/16/2023 | MONOGRAPH | |||||||
| CBU-SCHOOL TEXT BOOK COLLECTION | CBU-SCHOOL TEXT BOOK COLLECTION | 05/16/2023 | SCHOOL TEXTBOOK | 5283 | 05/16/2023 | 3 | 05/16/2023 | MONOGRAPH | |||||||
| CBU-SCHOOL TEXT BOOK COLLECTION | CBU-SCHOOL TEXT BOOK COLLECTION | 05/16/2023 | SCHOOL TEXTBOOK | 5282 | 05/16/2023 | 4 | 05/16/2023 | MONOGRAPH | |||||||
| CBU-SCHOOL TEXT BOOK COLLECTION | CBU-SCHOOL TEXT BOOK COLLECTION | 05/16/2023 | SCHOOL TEXTBOOK | 5284 | 05/16/2023 | 5 | 05/16/2023 | MONOGRAPH | |||||||
| CBU-SCHOOL TEXT BOOK COLLECTION | CBU-SCHOOL TEXT BOOK COLLECTION | 05/16/2023 | SCHOOL TEXTBOOK | 5281 | 05/16/2023 | 6 | 05/16/2023 | MONOGRAPH |